| 000 | 00551nam a2200193 a 4500 | ||
|---|---|---|---|
| 005 | 20140412111242.0 | ||
| 008 | 010904s19uu xx 00 eng d | ||
| 020 | _a1-85758-685-9 | ||
| 050 |
_aTR(GS 372.72 _bB863 1998 |
||
| 100 | _aBroadbent, Paul | ||
| 245 |
_aBasic skills: multiplication & division, for 7-8 year olds / _cBroadbent, Paul. |
||
| 260 |
_aLondon : _bLetts Educational, _c1999. |
||
| 300 | _a1 v. (unp.) ; ill. | ||
| 440 | _aLetts | ||
| 650 | _aMultiplication | ||
| 650 | _aDivision | ||
| 650 | _aMathematics | ||
| 999 |
_c102785 _d102785 |
||